000 00440nam a2200157Ia 4500
008 221030s9999 xx 000 0 und d
020 _a9332556065
041 _aEnglish
100 _aA. D. Helfrick
245 0 _aModern Electronic Instrumentation & Measurement Techniques
_cby A. D. Helfrick, W. D. Cooper
260 _bPearson Education
_aNew Delhi
_c2016
300 _a414
650 _aBB ECE
700 _aW. D. Cooper
942 _cBK
999 _c15923
_d15923